00819nam a2200253Ia 450000500170000000800410001702000150005804100080007310000330008124500760011425000220019030000250021249000200023765000370025765000380029465000270033270000430035926400290040233600270043133700330045833800280049104000350051908400110055420220316235655.0121119s1990 ck gr 000 j spa  a95861547340 aspa1 aRodríguez, Antonio Orlando10aStruff cAntonio Orlando Rodríguez ; ilustración, Esperanza Vallejo aPrimera edición a80 páginas c20 cm0 aEl duende verde14aCuentos infantiles cubanos2LEMB14aLiteratura infantil cubana 2LEMB14aMagos xCuentos 2LEMB1 aVallejo, Esperanzad1951-eilustrador  aBogotá bEducar c1990 atextobtxt2rdacontent asin mediaciónbn2rdamedia avolumenbnc2rdacarrier aCO-BoRNBPbspaerdacCO-BoRNBP aC ROD4